Ordinary places (Record no. 110597)

MARC details
000 -LEADER
fixed length control field 01099cad a22002055a 4500
001 - CONTROL NUMBER
control field E149683
008 - FIXED-LENGTH DATA ELEMENTS--GENERAL INFORMATION
fixed length control field 100408s2010 xxk f 000 0 eng d
035 ## - SYSTEM CONTROL NUMBER
System control number (Sirsi) u149683
041 0# - LANGUAGE CODE
Language code of text/sound track or separate title eng
110 2# - MAIN ENTRY--CORPORATE NAME
Corporate name or jurisdiction name as entry element Commission for Architecture and the Built Environment
9 (RLIN) 4058
245 00 - TITLE STATEMENT
Title Ordinary places
Medium [electronic resource]
260 ## - PUBLICATION, DISTRIBUTION, ETC.
Place of publication, distribution, etc. London
Name of publisher, distributor, etc. CABE
Date of publication, distribution, etc. 2010
505 2# - FORMATTED CONTENTS NOTE
Formatted contents note Introduction -- Summary: sparking the debate -- Mobilising public involvement -- Changing places to become world class -- Next steps
520 ## - SUMMARY, ETC.
Summary, etc. Suggests that ordinary places have largely been forgotten in the push for better design, with recent emphasis being on high-profile city-centre areas. Seeks to encourage a debate on how such ordinary areas can be improved to become better places to live, and more sustainable.
590 ## - LOCAL NOTE (RLIN)
Local note KA
651 #4 - SUBJECT ADDED ENTRY--GEOGRAPHIC NAME
Geographic name United Kingdom
Chronological subdivision
690 ## - LOCAL SUBJECT ADDED ENTRY--TOPICAL TERM (OCLC, RLIN)
Topical term or geographic name as entry element Planning and development
9 (RLIN) 6259
856 40 - ELECTRONIC LOCATION AND ACCESS
Uniform Resource Identifier <a href="https://webarchive.nationalarchives.gov.uk/20110118095356/http:/www.cabe.org.uk/files/ordinary-places.pdf">https://webarchive.nationalarchives.gov.uk/20110118095356/http:/www.cabe.org.uk/files/ordinary-places.pdf</a>
Public note View the report free of charge at webarchive.nationalarchives.gov.uk
942 ## - ADDED ENTRY ELEMENTS (KOHA)
Suppress in OPAC 0
Holdings
Withdrawn status Lost status Source of classification or shelving scheme Damaged status Not for loan Home library Current library Shelving location Date acquired Total Checkouts Full call number Barcode Date last seen Copy number Price effective from Koha item type
    Dewey Decimal Classification     Virtual Virtual Online 08/04/2010   ONLINE PUBLICATION 149683-2001 06/08/2019 1 06/08/2019 Book